[Event "30th NATO Chess Championship"]
[Site "Berlin"]
[Date "2019.09.16"]
[Round "1.3"]
[White "Heran-Boily, Samuel"]
[Black "Pedersen, Finn"]
[Result "1-0"]
[WhiteElo "1933"]
[BlackElo "2305"]
[PlyCount "110"]
[EventDate "2019.09.16"]
[EventType "team-tourn"]
[EventRounds "7"]
[EventCountry "GER"]

1. e4 c6 2. d4 d5 3. Nc3 dxe4 4. Nxe4 Nf6 5. Nxf6+ exf6 6. Nf3 Bd6 7. Bd3 O-O
8. O-O Bg4 9. h3 Bh5 10. Re1 Nd7 11. c3 Qc7 12. Be3 Rfe8 13. Bc2 Nf8 14. Bd3
Re7 15. Be2 Rae8 16. Nh4 Bxe2 17. Qxe2 g6 18. Qd2 Ne6 19. Nf3 Ng7 20. Qd3 Bf4
21. Bd2 Nf5 22. Rxe7 Rxe7 23. Re1 Bxd2 24. Rxe7 Qxe7 25. Qxd2 Qe4 26. Qd1 Kg7
27. Qb3 Nd6 28. Qb4 Qf4 29. b3 b6 30. c4 Qc1+ 31. Qe1 Qc2 32. Qd2 Qb1+ 33. Kh2
Ne4 34. Qe3 Nd6 35. Qe2 a5 36. c5 bxc5 37. dxc5 Nb5 38. Qd2 Qe4 39. Qxa5 Qf4+
40. Kg1 Qc1+ 41. Qe1 Qxc5 42. Nd2 Qc3 43. Qd1 Qd3 44. Qe1 Nc3 45. a4 Ne2+ 46.
Kh1 c5 47. a5 Nd4 48. Qe3 Qb5 49. Qc3 Qe2 50. Qe3 Qd1+ 51. Kh2 Qa1 52. Nc4 Qa2
53. Nd6 Qxb3 54. Qxb3 Nxb3 55. a6 Nd4 1-0

[Event "30th NATO Chess Championship"]
[Site "Berlin"]
[Date "2019.09.16"]
[Round "1.12"]
[White "Valeinis, Janis"]
[Black "Demjen, Attila"]
[Result "1-0"]
[WhiteElo "2206"]
[BlackElo "1889"]
[PlyCount "33"]
[EventDate "2019.09.16"]
[EventType "team-tourn"]
[EventRounds "7"]
[EventCountry "GER"]

1. d4 Nf6 2. Nc3 g6 3. e4 d6 4. Nf3 Bg7 5. Be2 O-O 6. h3 e5 7. dxe5 dxe5 8.
Qxd8 Rxd8 9. Bg5 Re8 10. O-O-O c6 11. Nxe5 h6 12. Bf4 Nbd7 13. Nxd7 Nxe4 14.
Nxe4 Rxe4 15. Be3 f5 16. Nc5 Re8 17. Bf3 1-0

[Event "30th NATO Chess Championship"]
[Site "Berlin"]
[Date "2019.09.16"]
[Round "1.13"]
[White "Wagenaar, Harm Theo"]
[Black "Andersen, Hans Christoph"]
[Result "0-1"]
[WhiteElo "1879"]
[BlackElo "2201"]
[PlyCount "140"]
[EventDate "2019.09.16"]
[EventType "team-tourn"]
[EventRounds "7"]
[EventCountry "GER"]

1. d4 f5 2. Bg5 g6 3. Nd2 Bg7 4. e4 fxe4 5. Nxe4 d5 6. Nc5 b6 7. Nb3 Nh6 8. Nf3
Nf7 9. Bh4 O-O 10. Be2 Nd7 11. c3 Bb7 12. O-O Qe8 13. Re1 e5 14. dxe5 Nfxe5 15.
Nbd4 Qf7 16. Ng5 Qf4 17. Ngf3 Qf7 18. Ng5 Qf4 19. Ngf3 Rae8 20. Bg3 Qf7 21.
Nxe5 Bxe5 22. Rf1 a6 23. Bxe5 Nxe5 24. Nf3 Nd7 25. Qd2 Nc5 26. Rae1 Ne4 27. Qc2
c5 28. Bd3 Nd6 29. Rxe8 Rxe8 30. Re1 Rxe1+ 31. Nxe1 Qe6 32. Qe2 Qxe2 33. Bxe2
Kf7 34. f4 a5 35. Nf3 Bc8 36. Ne5+ Kf6 37. Kf2 Nf7 38. Ng4+ Ke7 39. Ne3 Kd6 40.
Bf3 Be6 41. a3 d4 42. cxd4 cxd4 43. Nc2 Kc5 44. Be2 Bf5 45. Ne1 Nd6 46. Nd3+
Kc4 47. Nc1+ Kc5 48. b3 Ne4+ 49. Ke1 Nc3 50. Nd3+ Kd5 51. g4 Nxe2 52. gxf5 Nc3
53. fxg6 hxg6 54. a4 Ke4 55. Kd2 Nd5 56. Nf2+ Kxf4 57. Kd3 Ke5 58. Kc4 Nc7 59.
Kd3 Kd5 60. h4 Ne6 61. Nh3 Nc5+ 62. Kc2 Ke5 63. Ng1 Kf4 64. Ne2+ Ke3 65. Nc1
d3+ 66. Kd1 d2 67. Na2 Nxb3 68. Nc3 Kd3 69. Nd5 Nc5 70. Nxb6 Ne4 0-1

[Event "30th NATO Chess Championship"]
[Site "Berlin"]
[Date "2019.09.16"]
[Round "1.18"]
[White "Watters, Chase Miles"]
[Black "Korge, Kersti"]
[Result "1-0"]
[WhiteElo "2179"]
[BlackElo "1842"]
[PlyCount "79"]
[EventDate "2019.09.16"]
[EventType "team-tourn"]
[EventRounds "7"]
[EventCountry "GER"]
[WhiteClock "1:04:45"]
[BlackClock "0:24:36"]

1. d4 Nf6 2. Bf4 d6 3. Nf3 g6 4. c4 c5 5. e3 Bg7 6. h3 Qa5+ 7. Nc3 Ne4 8. Bd3
Nxc3 9. Qd2 Nc6 10. Qxc3 Qxc3+ 11. bxc3 e5 12. Bg3 f5 13. Bc2 O-O 14. O-O-O b6
15. dxc5 dxc5 16. Ba4 Bb7 17. Rd7 Na5 18. Rxb7 Nxb7 19. Bc6 Rab8 20. Bd5+ Kh8
21. Nxe5 Nd6 22. Nxg6+ hxg6 23. Bxd6 Bxc3 24. Kc2 Bf6 25. g4 fxg4 26. hxg4+ Kg7
27. f4 Rbe8 28. g5 Bd8 29. Bxf8+ Kxf8 30. Rh8+ Ke7 31. Rh7+ Kd6 32. e4 Re7 33.
e5+ Kd7 34. Bf7 a6 35. a4 Kc6 36. Bxg6 Rxh7 37. Bxh7 Kd7 38. g6 Ke8 39. g7 Kf7
40. g8=Q+ 1-0

[Event "30th NATO Chess Championship"]
[Site "Berlin"]
[Date "2019.09.16"]
[Round "1.22"]
[White "Tommasini, Enzo"]
[Black "Slaidins, Janis"]
[Result "1-0"]
[WhiteElo "2147"]
[BlackElo "1834"]
[PlyCount "61"]
[EventDate "2019.09.16"]
[EventType "team-tourn"]
[EventRounds "7"]
[EventCountry "GER"]
[WhiteClock "0:28:03"]
[BlackClock "1:04:06"]

1. Nf3 d5 2. d4 e6 3. g3 Nf6 4. Bg2 Be7 5. O-O O-O 6. c4 dxc4 7. Qc2 b5 8. a4
Ba6 9. axb5 Bxb5 10. Nc3 Bc6 11. e4 Nbd7 12. Rd1 Nb6 13. Ne5 Bb7 14. Be3 Nfd7
15. Nb5 a6 16. Na3 Bxa3 17. Rxa3 Nxe5 18. dxe5 Qe7 19. Bf1 Rfd8 20. Rxd8+ Rxd8
21. Bxc4 Qb4 22. Bd3 Rd7 23. Kf1 h6 24. Bc5 Qd2 25. Qxd2 Nc4 26. Qc2 Nxe5 27.
Bxa6 Bc6 28. Be2 f6 29. f4 Nf7 30. Bc4 e5 31. fxe5 1-0

[Event "30th NATO Chess Championship"]
[Site "Berlin"]
[Date "2019.09.16"]
[Round "1.29"]
[White "Geroly, Jozsef"]
[Black "Tocco, Paolo"]
[Result "0-1"]
[WhiteElo "1766"]
[BlackElo "2089"]
[PlyCount "58"]
[EventDate "2019.09.16"]
[EventType "team-tourn"]
[EventRounds "7"]
[EventCountry "GER"]

1. Nf3 b6 2. g3 Bb7 3. Bg2 e6 4. d4 Nf6 5. c4 Bb4+ 6. Bd2 Qe7 7. a3 Bxd2+ 8.
Nbxd2 O-O 9. O-O d6 10. Qc2 c5 11. e4 Nc6 12. d5 Nd4 13. Nxd4 cxd4 14. Qd3 e5
15. b4 Rac8 16. Rac1 Ba6 17. Bh3 Rc7 18. Rc2 h5 19. f3 h4 20. g4 Bc8 21. Rfc1
Nh5 22. Bf1 Nf4 23. Qb3 Qg5 24. h3 d3 25. Rb2 f5 26. exf5 Bxf5 27. Ne4 Bxe4 28.
fxe4 Nxh3+ 29. Bxh3 Qxc1+ 0-1

[Event "30th NATO Chess Championship"]
[Site "Berlin"]
[Date "2019.09.16"]
[Round "1.31"]
[White "Fielding, Michael"]
[Black "Sauer, Marko"]
[Result "1-0"]
[WhiteElo "1760"]
[BlackElo "2081"]
[PlyCount "141"]
[EventDate "2019.09.16"]
[EventType "team-tourn"]
[EventRounds "7"]
[EventCountry "GER"]
[WhiteTeam "ENG"]
[BlackTeam "GER"]

1. e4 c5 2. b3 Nc6 3. Bb2 d6 4. f4 e5 5. Nf3 exf4 6. Bc4 Be6 7. Qe2 Qd7 8. Nc3
Bxc4 9. Qxc4 Ne5 10. Qe2 Ne7 11. O-O-O O-O-O 12. d4 cxd4 13. Rxd4 N7c6 14. Ra4
Be7 15. Nd5 f5 16. Rxa7 Qe6 17. Rxb7 Rd7 18. Rxd7 Kxd7 19. Nxe5+ dxe5 20. Rd1
Bd6 21. Nb6+ Ke7 22. Nc4 Bc7 23. Ba3+ Kf7 24. exf5 Qxf5 25. Nd6+ Bxd6 26. Qc4+
Qe6 27. Qxe6+ Kxe6 28. Rxd6+ Kf5 29. Rxc6 e4 30. Kd2 g5 31. Rc5+ Kg4 32. Ke2
Ra8 33. Bb2 Rxa2 34. Bf6 h6 35. Bg7 Ra6 36. b4 Rd6 37. b5 f3+ 38. gxf3+ exf3+
39. Ke1 Re6+ 40. Re5 Rg6 41. Re7 Kh3 42. Be5 Kg2 43. Bg3 h5 44. Bf2 g4 45. b6
h4 46. b7 g3 47. hxg3 hxg3 48. Bxg3 Rxg3 49. b8=Q f2+ 50. Kd2 f1=Q 51. Re2+ Kh3
52. Qh8+ Kg4 53. Qg7+ Kh4 54. Qh6+ Kg4 55. Re4+ Kf5 56. Qf8+ Kxe4 57. Qxf1 Rg5
58. Qd3+ Kf4 59. Qd4+ Kf5 60. c4 Ke6 61. Kc3 Rf5 62. Kb4 Rf7 63. Qd5+ Ke7 64.
c5 Rf1 65. Qd6+ Ke8 66. c6 Rb1+ 67. Ka5 Rc1 68. c7 Ra1+ 69. Kb4 Rb1+ 70. Ka3
Ra1+ 71. Kb2 1-0

[Event "30th NATO Chess Championship"]
[Site "Berlin"]
[Date "2019.09.16"]
[Round "1.32"]
[White "Casteleijn, Diederick"]
[Black "Rosseel, Kimball"]
[Result "1-0"]
[WhiteElo "2079"]
[BlackElo "1759"]
[PlyCount "61"]
[EventDate "2019.09.16"]
[EventType "team-tourn"]
[EventRounds "7"]
[EventCountry "GER"]
[WhiteTeam "NED"]
[BlackTeam "BEL"]

1. Nf3 d5 2. g3 e6 3. Bg2 c5 4. O-O Nc6 5. d3 Bd6 6. e4 Nge7 7. Qe2 Qc7 8. Nc3
O-O 9. Re1 f6 10. Nb5 Qd8 11. Nxd6 Qxd6 12. c3 Ng6 13. h4 Bd7 14. h5 Nge5 15.
Nxe5 fxe5 16. Bg5 Rac8 17. Rad1 d4 18. Qg4 Rf7 19. f4 Kh8 20. h6 gxh6 21. Qh5
hxg5 22. Qxf7 Rf8 23. fxe5 Nxe5 24. Qh5 Nf7 25. Rf1 Be8 26. Qf3 Kg7 27. Qf6+
Kg8 28. Rf3 e5 29. Rdf1 Qc7 30. Bh3 Bd7 31. Qe7 1-0

[Event "30th NATO Chess Championship"]
[Site "Berlin"]
[Date "2019.09.16"]
[Round "1.33"]
[White "Ivanovs, Aleksejs"]
[Black "Hof - Van Run, Rieke"]
[Result "0-1"]
[WhiteElo "1757"]
[BlackElo "2076"]
[PlyCount "52"]
[EventDate "2019.09.16"]
[EventType "team-tourn"]
[EventRounds "7"]
[EventCountry "GER"]
[WhiteTeam "LAT"]
[BlackTeam "NED"]

1. d4 d5 2. Bf4 Nf6 3. e3 e6 4. Bd3 c5 5. c3 Nc6 6. Nf3 Bd6 7. Ne5 Qc7 8. Bb5
O-O 9. Bxc6 bxc6 10. Nd2 Ba6 11. Nb3 cxd4 12. exd4 c5 13. Bg3 Ne4 14. Nd2 Nxg3
15. hxg3 Bxe5 16. Qh5 Rfb8 17. dxe5 Bd3 18. b3 Qa5 19. b4 cxb4 20. Qf3 Bg6 21.
Nb3 Qc7 22. Rc1 Qxe5+ 23. Qe3 Qxe3+ 24. fxe3 bxc3 25. Rxc3 Rc8 26. Nc5 Rab8 0-1

[Event "30th NATO Chess Championship"]
[Site "Berlin"]
[Date "2019.09.16"]
[Round "1.34"]
[White "Nikomanis, Andreas"]
[Black "Ivsek, Cveto"]
[Result "1/2-1/2"]
[WhiteElo "2053"]
[BlackElo "1755"]
[PlyCount "80"]
[EventDate "2019.09.16"]
[EventType "team-tourn"]
[EventRounds "7"]
[EventCountry "GER"]
[WhiteTeam "GRE"]
[BlackTeam "SLO"]

1. e4 c5 2. Nf3 Nc6 3. Nc3 e6 4. d4 cxd4 5. Nxd4 a6 6. Nxc6 bxc6 7. Bd3 d5 8.
O-O Bc5 9. Qg4 Kf8 10. e5 Ne7 11. Na4 Ba7 12. b3 Ng6 13. Ba3+ Kg8 14. Qg3 Qh4
15. Rfe1 Qxg3 16. hxg3 f5 17. Rad1 Kf7 18. Bc5 Bxc5 19. Nxc5 a5 20. f4 Ke7 21.
Be2 Nf8 22. c4 Nd7 23. Na4 Ba6 24. cxd5 cxd5 25. Bxa6 Rxa6 26. Rc1 Raa8 27. Rc7
Rhc8 28. Rec1 Kd8 29. Rxc8+ Rxc8 30. Rxc8+ Kxc8 31. Kf2 Kc7 32. Ke3 Kc6 33. Kd4
h6 34. a3 g6 35. Kd3 Nc5+ 36. Nxc5 Kxc5 37. Kc3 g5 38. Kd3 d4 39. Kd2 Kb5 40.
Kd3 Kc5 1/2-1/2

[Event "30th NATO Chess Championship"]
[Site "Berlin"]
[Date "2019.09.16"]
[Round "1.35"]
[White "Simard, Francois"]
[Black "Oltean, Gusztav"]
[Result "0-1"]
[WhiteElo "1755"]
[BlackElo "2053"]
[PlyCount "95"]
[EventDate "2019.09.16"]
[EventType "team-tourn"]
[EventRounds "7"]
[EventCountry "GER"]
[WhiteTeam "CAN"]
[BlackTeam "HUN"]

1. d4 Nf6 2. c4 g6 3. Nc3 Bg7 4. Bg5 c5 5. d5 d6 6. e4 Na6 7. Qd2 Nc7 8. Bh6
O-O 9. Bxg7 Kxg7 10. f4 a6 11. Nf3 Bg4 12. h3 Bxf3 13. gxf3 Qd7 14. h4 Nh5 15.
f5 e6 16. Bh3 exf5 17. Bxf5 Qe7 18. Bg4 Qe5 19. O-O-O b5 20. cxb5 axb5 21. Qg5
Qf4+ 22. Kb1 f6 23. Qxf4 Nxf4 24. Rd2 b4 25. Nd1 h5 26. Bd7 Rfd8 27. Bc6 Rab8
28. Ne3 Nb5 29. Nc4 Nd4 30. Rxd4 cxd4 31. Na5 Rb6 32. Nb7 Rc8 33. Rc1 Nd3 34.
Nxd6 Rd8 35. Nb7 Rb8 36. Rd1 Ne5 37. Nd6 Nxc6 38. dxc6 Rxc6 39. Rxd4 Kh7 40.
Nc4 Rbc8 41. b3 g5 42. Rd2 Kh6 43. Ne3 Rc5 44. Nf5+ Rxf5 45. exf5 gxh4 46. f4
Rg8 47. Rb2 h3 48. Kc1 0-1

[Event "30th NATO Chess Championship"]
[Site "Berlin"]
[Date "2019.09.16"]
[Round "1.36"]
[White "Kraft, Chip"]
[Black "Langer, Herb"]
[Result "1-0"]
[WhiteElo "2050"]
[BlackElo "1751"]
[PlyCount "41"]
[EventDate "2019.09.16"]
[EventType "team-tourn"]
[EventRounds "7"]
[EventCountry "GER"]
[WhiteTeam "USA"]
[BlackTeam "CAN"]

1. c4 e6 2. d4 d5 3. g3 c5 4. cxd5 Qxd5 5. Nf3 cxd4 6. Qxd4 Nf6 7. Nc3 Qxd4 8.
Nxd4 a6 9. Bg2 Bc5 10. Nb3 Bb4 11. O-O Nc6 12. a3 Be7 13. Na4 Bd7 14. Nac5
O-O-O 15. Bd2 Kb8 16. Rfc1 Bc8 17. Nxa6+ bxa6 18. Bxc6 Bb7 19. Be3 Bxc6 20.
Rxc6 Rd6 21. Bf4 1-0

[Event "30th NATO Chess Championship"]
[Site "Berlin"]
[Date "2019.09.16"]
[Round "1.37"]
[White "Echavarria Hidalgo, Fernando"]
[Black "Marquardt, Christian"]
[Result "0-1"]
[WhiteElo "1750"]
[BlackElo "2049"]
[PlyCount "74"]
[EventDate "2019.09.16"]
[EventType "team-tourn"]
[EventRounds "7"]
[EventCountry "GER"]
[WhiteTeam "CAN"]
[BlackTeam "GER"]

1. Nf3 Nf6 2. c4 c5 3. g3 b6 4. Bg2 Bb7 5. O-O e6 6. Nc3 Be7 7. d3 O-O 8. Bf4
d6 9. a3 Nbd7 10. Qc2 a6 11. Rfb1 Rc8 12. Qd1 d5 13. cxd5 Nxd5 14. Nxd5 exd5
15. Bh3 Ra8 16. Rc1 b5 17. a4 Nf6 18. Bg5 Qb6 19. Ne5 Rfd8 20. a5 Qc7 21. Bf4
g5 22. Nxf7 gxf4 23. Nxd8 Rxd8 24. Be6+ Kh8 25. Bh3 Bd6 26. Bg2 Rg8 27. b4 fxg3
28. hxg3 c4 29. dxc4 bxc4 30. Rab1 Rg6 31. Rc3 Be5 32. Re3 Ng4 33. Ra3 c3 34.
Rc1 d4 35. Bxb7 Qxb7 36. Qd3 Ne3 37. fxe3 Rxg3+ 0-1

[Event "30th NATO Chess Championship"]
[Site "Berlin"]
[Date "2019.09.16"]
[Round "1.38"]
[White "Oblak, Nicholas"]
[Black "Kries, Yvon"]
[Result "1-0"]
[WhiteElo "2048"]
[BlackElo "1741"]
[PlyCount "45"]
[EventDate "2019.09.16"]
[EventType "team-tourn"]
[EventRounds "7"]
[EventCountry "GER"]
[WhiteTeam "USA"]
[BlackTeam "LUX"]

1. Nf3 f5 2. c4 Nf6 3. g3 e6 4. Bg2 Be7 5. O-O O-O 6. Nc3 c6 7. d4 d5 8. b3 b6
9. Bf4 Ba6 10. cxd5 Nxd5 11. Nxd5 cxd5 12. Qd2 Nd7 13. Rac1 Nf6 14. Ng5 Bc8 15.
Qd3 Ne4 16. Nf3 Bd6 17. Ne5 g5 18. Nc6 Qe8 19. Bxd6 Nxd6 20. Qe3 Nf7 21. Ne5
Nxe5 22. Qxe5 Rf7 23. Bxd5 1-0

[Event "30th NATO Chess Championship"]
[Site "Berlin"]
[Date "2019.09.16"]
[Round "1.39"]
[White "Millener, Richard"]
[Black "Fichtner, Ewald"]
[Result "0-1"]
[WhiteElo "1735"]
[BlackElo "2046"]
[PlyCount "112"]
[EventDate "2019.09.16"]
[EventType "team-tourn"]
[EventRounds "7"]
[EventCountry "GER"]
[WhiteTeam "ENG"]
[BlackTeam "GER"]

1. d4 d5 2. Bf4 Nf6 3. e3 c5 4. c3 Nc6 5. Nd2 cxd4 6. exd4 Bf5 7. Ngf3 e6 8.
Qb3 Qc8 9. Nh4 Be4 10. Nxe4 Nxe4 11. Nf3 Bd6 12. Bxd6 Nxd6 13. Bd3 Qc7 14. O-O
O-O 15. Qc2 f5 16. Rfe1 Ne4 17. Qe2 Rf6 18. Ne5 Nxe5 19. dxe5 Rh6 20. f4 Qb6+
21. Qe3 Qxb2 22. Bxe4 fxe4 23. Reb1 Qc2 24. Rxb7 Rg6 25. g3 h5 26. h4 a5 27.
Rbb1 Rc8 28. Rc1 Qb2 29. a4 Qb3 30. Kh2 Rc4 31. Rab1 Qa2+ 32. Kh3 Rc8 33. Ra1
Qb3 34. Qd2 Qc4 35. Qe3 Kh7 36. Ra3 Rb8 37. Qd2 Qc5 38. Ra2 Qf8 39. Kh2 Qc5 40.
Qe2 Rh6 41. Qd2 Qc4 42. Ra3 g6 43. Ra2 Kg7 44. Ra3 Rhh8 45. Qa2 Rhc8 46. Qxc4
Rb2+ 47. Kh3 Rxc4 48. g4 d4 49. Rd1 d3 50. gxh5 gxh5 51. Kg3 Kg6 52. Rg1 Kf5
53. Rd1 Rc7 54. Rf1 Rg7+ 55. Kh3 Rgg2 56. Rh1 Rgf2 0-1

[Event "30th NATO Chess Championship"]
[Site "Berlin"]
[Date "2019.09.16"]
[Round "1.40"]
[White "Nielsen, Jan Mose"]
[Black "Tikerpuu, Mati"]
[Result "1/2-1/2"]
[WhiteElo "2044"]
[BlackElo "1717"]
[PlyCount "78"]
[EventDate "2019.09.16"]
[EventType "team-tourn"]
[EventRounds "7"]
[EventCountry "GER"]
[WhiteTeam "DEN"]
[BlackTeam "EST"]

1. d4 e6 2. Nf3 f5 3. Nc3 d5 4. g4 fxg4 5. Ne5 Nf6 6. Bg5 Be7 7. e3 Nbd7 8. Bd3
Nxe5 9. dxe5 Ne4 10. Nxe4 Bxg5 11. Ng3 Bh4 12. Qxg4 Qg5 13. Qxg5 Bxg5 14. h4
Be7 15. O-O-O Bd7 16. Be2 O-O-O 17. Bg4 Rdf8 18. f4 g6 19. Rh2 Rhg8 20. c4 c6
21. cxd5 cxd5 22. Rc2+ Kb8 23. Ne2 h5 24. Bh3 Bxh4 25. Nd4 Re8 26. Rh1 g5 27.
fxg5 Bxg5 28. Kd2 Bd8 29. Kd3 Rg5 30. Rg2 Rxg2 31. Bxg2 Rg8 32. Bh3 Rg6 33. Rf1
h4 34. Rf8 Kc8 35. Rh8 a6 36. a4 a5 37. b3 b6 38. Kd2 Kc7 39. Rh7 Kc8 1/2-1/2

[Event "30th NATO Chess Championship"]
[Site "Berlin"]
[Date "2019.09.16"]
[Round "1.41"]
[White "Sarnovska, Eira"]
[Black "Schott, Guido"]
[Result "1/2-1/2"]
[WhiteElo "1669"]
[BlackElo "2043"]
[PlyCount "42"]
[EventDate "2019.09.16"]
[EventType "team-tourn"]
[EventRounds "7"]
[EventCountry "GER"]
[WhiteTeam "LAT"]
[BlackTeam "GER"]

1. d4 d5 2. Nf3 Nf6 3. g3 c5 4. Bg2 Nc6 5. O-O e6 6. b3 Be7 7. Bb2 O-O 8. e3 b5
9. dxc5 Bxc5 10. Nd4 Nxd4 11. Bxd4 Qe7 12. Nd2 Bb7 13. c4 Bxd4 14. exd4 dxc4
15. Bxb7 Qxb7 16. bxc4 Rfd8 17. cxb5 Qxb5 18. Nf3 h6 19. Re1 Rac8 20. Qb3 Qa5
21. Rad1 Rb8 1/2-1/2

[Event "30th NATO Chess Championship"]
[Site "Berlin"]
[Date "2019.09.16"]
[Round "1.42"]
[White "Kende, Gyorgy"]
[Black "Stuhr, Finn"]
[Result "1-0"]
[WhiteElo "2036"]
[BlackElo "1698"]
[PlyCount "69"]
[EventDate "2019.09.16"]
[EventType "team-tourn"]
[EventRounds "7"]
[EventCountry "GER"]
[WhiteTeam "HUN"]
[BlackTeam "DEN"]

1. Nf3 Nc6 2. d4 d5 3. c4 e6 4. Nc3 Nf6 5. Bg5 Be7 6. e3 a6 7. Rc1 O-O 8. Be2
b6 9. O-O Bb7 10. a3 Rc8 11. b4 dxc4 12. Bxc4 b5 13. Ba2 Nh5 14. Bxe7 Nxe7 15.
Ne5 Nf6 16. Qe2 Qd6 17. Rfd1 Ned5 18. Nxd5 Bxd5 19. Bxd5 Qxd5 20. Rc5 Qb3 21.
Rd3 Qb1+ 22. Qf1 Qa2 23. Qc1 Ne4 24. Rc2 Qd5 25. f3 f6 26. Nc6 Rf7 27. fxe4
Qxe4 28. Qd2 Rd7 29. Rdc3 e5 30. Qd3 Qh4 31. Rf2 Re8 32. Qf5 Rd6 33. g3 Qh6 34.
Nxe5 g6 35. Ng4 1-0

[Event "30th NATO Chess Championship"]
[Site "Berlin"]
[Date "2019.09.16"]
[Round "1.43"]
[White "O`Byrne, Daniel"]
[Black "Aagaard, Gert"]
[Result "0-1"]
[WhiteElo "1659"]
[BlackElo "2029"]
[PlyCount "88"]
[EventDate "2019.09.16"]
[EventType "team-tourn"]
[EventRounds "7"]
[EventCountry "GER"]
[WhiteTeam "ENG"]
[BlackTeam "DEN"]

1. d4 Nf6 2. c4 e6 3. Nc3 Bb4 4. a3 Bxc3+ 5. bxc3 b6 6. Bg5 Bb7 7. e3 d6 8. Nf3
h6 9. Bh4 Nbd7 10. h3 Qe7 11. Be2 g5 12. Bg3 Ne4 13. Qc2 Nxg3 14. fxg3 O-O-O
15. O-O Rdg8 16. g4 h5 17. Nh2 hxg4 18. Bxg4 f5 19. Bf3 Bxf3 20. Rxf3 g4 21.
Rg3 gxh3 22. Qf2 Nf6 23. Qf3 Rxg3 24. Qxg3 Ne4 25. Qf3 hxg2 26. Ra2 Qh4 27.
Rxg2 Qe1+ 28. Nf1 Kb8 29. d5 e5 30. Qxf5 Nxc3 31. Qf3 Na4 32. Qf6 Re8 33. Qf2
Qc3 34. Qa2 Nc5 35. Rc2 Qd3 36. Rg2 Rf8 37. Rf2 Rh8 38. Rg2 Kb7 39. a4 Rf8 40.
Rf2 Rxf2 41. Kxf2 Qf5+ 42. Kg2 Qg4+ 43. Kh2 a5 44. Qc2 Qd7 0-1

[Event "30th NATO Chess Championship"]
[Site "Berlin"]
[Date "2019.09.16"]
[Round "1.44"]
[White "Michalski, Daniel"]
[Black "Charles, Freddy"]
[Result "1-0"]
[WhiteElo "2024"]
[BlackElo "1655"]
[PlyCount "81"]
[EventDate "2019.09.16"]
[EventType "team-tourn"]
[EventRounds "7"]
[EventCountry "GER"]
[WhiteTeam "POL"]
[BlackTeam "BEL"]

1. d4 Nf6 2. c4 d6 3. Nc3 e5 4. e4 c6 5. Be2 Be7 6. Nf3 Nbd7 7. O-O O-O 8. b3
Re8 9. Qc2 Bf8 10. Rd1 Qc7 11. Bb2 exd4 12. Nxd4 Nc5 13. f3 Ne6 14. Bf1 Nxd4
15. Rxd4 d5 16. Rdd1 dxe4 17. Nxe4 Nxe4 18. fxe4 Bg4 19. Be2 Bxe2 20. Qxe2 Re6
21. Qf3 Bd6 22. h3 Be5 23. Bxe5 Qxe5 24. Qf5 Qxe4 25. Qxe4 Rxe4 26. Rd7 b5 27.
cxb5 cxb5 28. Rf1 f6 29. Rc1 a5 30. Rcc7 Re2 31. Rxg7+ Kh8 32. Rxh7+ Kg8 33.
Rcg7+ Kf8 34. Rb7 Kg8 35. Rhg7+ Kh8 36. Rgf7 Rxa2 37. Rxb5 Rb2 38. Rxf6 Kg7 39.
Rf2 Rb1+ 40. Kh2 a4 41. bxa4 1-0

[Event "30th NATO Chess Championship"]
[Site "Berlin"]
[Date "2019.09.16"]
[Round "1.45"]
[White "Tremblay, Mario"]
[Black "Stankowski, Aleksander"]
[Result "1/2-1/2"]
[WhiteElo "1652"]
[BlackElo "2022"]
[PlyCount "91"]
[EventDate "2019.09.16"]
[EventType "team-tourn"]
[EventRounds "7"]
[EventCountry "GER"]
[WhiteTeam "CAN"]
[BlackTeam "POL"]

1. e4 c5 2. c3 Nf6 3. e5 Nd5 4. d4 cxd4 5. cxd4 e6 6. Nf3 d6 7. Nc3 Nxc3 8.
bxc3 Nc6 9. Bf4 dxe5 10. Bxe5 Qa5 11. Qd2 Nxe5 12. Nxe5 f6 13. Nc4 Qc7 14. Bd3
b5 15. Ne3 Bd7 16. O-O Bd6 17. h3 Qa5 18. Qc2 f5 19. Bxf5 exf5 20. Nxf5 Qc7 21.
Qe4+ Kf7 22. Qd5+ Be6 23. Qxd6 Rhc8 24. Qxc7+ Rxc7 25. Nd6+ Ke7 26. Nxb5 Rc6
27. Rfe1 Kf6 28. Re3 a6 29. Na3 Rac8 30. Nb1 Bf5 31. g4 Bxb1 32. Rxb1 Rxc3 33.
Rxc3 Rxc3 34. Rb6+ Kg5 35. Kg2 Ra3 36. d5 Rxa2 37. d6 Kf6 38. Rb7 h6 39. Kg3 a5
40. Ra7 a4 41. d7 Rd2 42. Rxa4 Rxd7 43. Ra6+ Kf7 44. h4 Rc7 45. h5 Rb7 46. f3
1/2-1/2

[Event "30th NATO Chess Championship"]
[Site "Berlin"]
[Date "2019.09.16"]
[Round "1.46"]
[White "Nilsson, Erik"]
[Black "Nelder, Allan"]
[Result "1-0"]
[WhiteElo "2022"]
[BlackElo "1645"]
[PlyCount "47"]
[EventDate "2019.09.16"]
[EventType "team-tourn"]
[EventRounds "7"]
[EventCountry "GER"]
[WhiteTeam "DEN"]
[BlackTeam "ENG"]

1. d4 g6 2. c4 Nf6 3. Nc3 Bg7 4. e4 d6 5. Nge2 c6 6. Ng3 Qc7 7. Be2 e5 8. d5
Nbd7 9. Be3 h5 10. O-O h4 11. Nh1 Nh5 12. Qd2 f5 13. exf5 gxf5 14. Bxh5+ Rxh5
15. f4 Nf6 16. Nf2 Qf7 17. dxc6 exf4 18. Bxf4 Qxc4 19. Rae1+ Kf7 20. Qxd6 bxc6
21. Re7+ Kg8 22. Rfe1 Rh8 23. Bg5 Ne4 24. Qg6 1-0

[Event "30th NATO Chess Championship"]
[Site "Berlin"]
[Date "2019.09.16"]
[Round "1.47"]
[White "Windey, Luc"]
[Black "Cheung, Jan W"]
[Result "0-1"]
[WhiteElo "1628"]
[BlackElo "2015"]
[PlyCount "66"]
[EventDate "2019.09.16"]
[EventType "team-tourn"]
[EventRounds "7"]
[EventCountry "GER"]
[WhiteTeam "BEL"]
[BlackTeam "NED"]

1. d4 Nf6 2. Nf3 g6 3. Bf4 Bg7 4. e3 O-O 5. Nbd2 d6 6. c3 Nbd7 7. Bc4 Qe8 8.
Qb3 e5 9. dxe5 dxe5 10. Bg5 b6 11. Bd5 Nc5 12. Bxa8 Nxb3 13. axb3 a5 14. Bxf6
Bxf6 15. Bd5 Be6 16. Bxe6 Qxe6 17. O-O Be7 18. Nc4 f6 19. Rfd1 Bc5 20. h3 g5
21. Re1 Kh8 22. Ra4 Rd8 23. Ncd2 h5 24. Re2 Kg7 25. Ne4 Be7 26. Nfd2 h4 27. c4
f5 28. Nc3 Bc5 29. Ra1 Rd3 30. Rc1 e4 31. Na4 Bb4 32. Nc3 Qe5 33. Ndb1 Bd6 0-1

[Event "30th NATO Chess Championship"]
[Site "Berlin"]
[Date "2019.09.16"]
[Round "1.48"]
[White "Parker, Glen"]
[Black "Ulusoy, Mustafa"]
[Result "1-0"]
[WhiteElo "2014"]
[BlackElo "1625"]
[PlyCount "67"]
[EventDate "2019.09.16"]
[EventType "team-tourn"]
[EventRounds "7"]
[EventCountry "GER"]
[WhiteTeam "ENG"]
[BlackTeam "TUR"]

1. e4 e6 2. d4 d5 3. Nd2 dxe4 4. Nxe4 Be7 5. Bd3 Nf6 6. Nf3 Nxe4 7. Bxe4 Nd7 8.
c3 Nf6 9. Bc2 b6 10. Bf4 Bb7 11. Ba4+ c6 12. Qe2 O-O 13. O-O-O Nd5 14. Be5 Bf6
15. c4 Nc7 16. Bc2 Qe7 17. h4 Bxe5 18. dxe5 Rfd8 19. Qe4 f5 20. exf6 Qxf6 21.
Qxh7+ Kf8 22. Qe4 Rab8 23. Ng5 Ke7 24. Nh7 Qh6+ 25. f4 Rxd1+ 26. Rxd1 c5 27.
Qe5 Rc8 28. g4 Ne8 29. h5 Rd8 30. Rxd8 Kxd8 31. Bg6 Nf6 32. g5 Qxh7 33. Bxh7
Nxh7 34. Qd6+ 1-0